000 00748nam a2200229Ii 4500
003 JO-AjNU
008 230605s9999||||xx |||||||||||||| ||und||
017 _a39459
020 _a9957-16-379-2
040 _aJO-AjNU
_bara
_erda
_cJO-AjNU
041 _aara
050 1 4 _aKMM279.K36.2010
100 3 _a كنعان ، نواف ,
_eauthor
_911672
245 0 0 _aالقانون الإداري : الكتاب الأول
250 _aط4
264 3 1 _aعمان : دار الثقافة ، 2010
300 _a365ص
336 _atext
_btxt
_2rdacontent
337 _aunmediated
_bn
_2rdamedia
338 _avolume
_bnc
_2rdacarrier
650 4 _aالقانون الاداري -- القرارات الادارية -- الخدمة المدنية
_911673
999 _aA2446
_c6014
_d6014